000 00813nam a22001577a 4500
003 OSt
005 20151106101505.0
008 151106b xxu||||| |||| 00| 0 eng d
040 _c`RUA
082 _aFOR YIM 2002 B128 Or.1
100 _93439
_aYIM, BUNLONG.
245 _aSocial economic study of the local people use and protection of source in colexim conession , kampong thom (ការសិក្សាពីសេដ្ឋកិច្ចសង្គមនៃការប្រើប្រាស់របស់ប្រជាជនមូលដ្ឋាននិងការការពារចំការពូជនៅព្រៃសម្បទានកូឡិចសីុមខេត្តកំពង់ធំ)
260 _aPhnom Penh
_bRUA
_c2002
300 _a49p.
_bill.
_c29cm.
942 _2ddc
_cFOR
999 _c3209
_d3209